Statistics for People You Know- Selena Gomez (All Lyrics)

Click here to take the quiz!

General Stats

  • This quiz has been taken 37 times
  • The average score is 303 of 347

Answer Stats

Answer% Correct
You
100%
you
100%
(you)
100%
don't
97%
don't)
97%
know
97%
(People
97%
people
97%
to
97%
can
94%
From
94%
go
94%
the
94%
We
94%
we
94%
what
94%
and
91%
And
91%
be
91%
I
91%
but
88%
close,
88%
close
88%
hurts
88%
me
88%
most
88%
used
88%
is
85%
like
79%
water
79%
were
76%
could
73%
through
73%
dry
70%
it
70%
it)
70%
it,
70%
Now
70%
on
70%
running
70%
was
70%
back,
67%
back
67%
So
67%
still
67%
take
67%
(wasted)
67%
wasted
67%
wish
67%
with)
67%
with
67%
feel
64%
hate
64%
(nights
64%
Nights
64%
'cause
61%
many
61%
taste
61%
(taste
61%
couldn't
58%
feeling's
58%
other
58%
side?
58%
days
55%
enough
55%
I'm
55%
When
55%
when
55%
fire
52%
ashes
48%
breathing
48%
how's
48%
never
48%
These
48%
always
45%
dust
45%
farther,
45%
higher
45%
get
42%
good,
42%
wanna
39%
making
15%

Score Distribution

Percentile by Number Answered

Percent of People with Each Score

Your Score History

You have not taken this quiz